Tuyển tập nghiên cứu biển = Collection of marine research works

Giới thiệu 12 bài báo cáo nghiên cứu về biển.

Đã lưu trong:
书目详细资料
Nhiều tác giả của công ty: Viện Hàn lâm Khoa học và Công nghệ Việt Nam, Viện Hải dương học
格式: 图书
语言:Undetermined
出版: Hà Nội Nxb. Khoa học tự nhiên và Công nghệ 2014
主题:
标签: 添加标签
没有标签, 成为第一个标记此记录!
Thư viện lưu trữ: Trung tâm Học liệu Trường Đại học Cần Thơ
LEADER 00877nam a2200217Ia 4500
001 CTU_226300
008 210402s9999 xx 000 0 und d
082 |a 577.7 
082 |b V305/T.20 
110 |a Viện Hàn lâm Khoa học và Công nghệ Việt Nam 
110 |b Viện Hải dương học 
245 0 |a Tuyển tập nghiên cứu biển = 
245 0 |b Collection of marine research works 
245 0 |c Viện Hàn lâm Khoa học và Công nghệ Việt Nam. Viện Hải dương học 
260 |a Hà Nội 
260 |b Nxb. Khoa học tự nhiên và Công nghệ 
260 |c 2014 
520 |a Giới thiệu 12 bài báo cáo nghiên cứu về biển. 
650 |a Marine resources,Tài nguyên biển 
904 |i Giang 
980 |a Trung tâm Học liệu Trường Đại học Cần Thơ